La Trinidad en la Biblia: Cristo, revelador del Padre y emisor del Espiritu en el Nuevo Testamento
Guardat en:
| Format: | Llibre |
|---|---|
| Idioma: | espanyol |
| Publicat: |
Salamanca
Secretariado Trinitario
1984
|
| Edició: | 2a. ed |
| Col·lecció: | Semanas de Estudios Trinitarios, 6
|
| Matèries: | |
| Etiquetes: |
Afegir etiqueta
Sense etiquetes, Sigues el primer a etiquetar aquest registre!
|
MARC
| LEADER | 00000nam a2200000 a 4500 | ||
|---|---|---|---|
| 001 | UCX3816 | ||
| 003 | CL-VaPUC | ||
| 008 | 920109e19840000SP |||||||||||||||||spa|d | ||
| 020 | |a 8485376498 | ||
| 082 | 0 | 4 | |a 231 |b TRI |2 21 |
| 245 | 1 | 3 | |a La Trinidad en la Biblia: Cristo, revelador del Padre y emisor del Espiritu en el Nuevo Testamento |
| 250 | |a 2a. ed | ||
| 300 | |a 211 p | ||
| 942 | |c BK | ||
| 945 | |d 19920109 00:00:00 |a aalvarez | ||
| 260 | |a Salamanca |b Secretariado Trinitario |c 1984 | ||
| 650 | 0 | |a Trinidad |9 313197 | |
| 583 | |a last modification |c 19920109 00:00:00 |k Rodrigo Vera | ||
| 490 | 0 | |a Semanas de Estudios Trinitarios, 6 | |
| 999 | |c 224472 |d 224470 | ||
| 952 | |0 0 |1 0 |4 0 |6 231_000000000000000_TRI_1984 |7 0 |8 A |9 221131 |a BIBTEO |b BIBTEO |d 2019-11-15 |i 2898764 |o 231 TRI 1984 |p 2898764 |r 2025-01-17 |w 2019-11-15 |y BK |k ICR | ||